Score 0/100 Timer 09:00
20 Plays Today
% Correct
Starbucks
95.2%
Honda
94.2%
Twitter
92.8%
Batman
92%
Apple
91.5%
Nike
91.2%
KFC
90.9%
Superman
90.7%
Facebook
90.6%
McDonald's
90.4%
Pepsi
89.7%
Shell
88.6%
Yahoo!
87.9%
Taco Bell
85.7%
Target
85.4%
Adidas
83.5%
Firefox
83.5%
Volkswagen
83.4%
HP
82.9%
Playboy
81.3%
LG
80.6%
Toyota
80.5%
Ralph Lauren
80.3%
Red Bull
80.2%
IE
79.4%
Wikipedia
75.1%
NBC
74.5%
Dunkin'
74.4%
T-Mobile
73.3%
LA Lakers
73%
Chevrolet
72.4%
New York Yankees
72.3%
Pinterest
71.8%
BP
70.8%
% Correct
Dreamworks
70.6%
Red Cross
68.8%
Chanel
68.5%
Dove
66.9%
Walmart
64.1%
Wonder Woman
64%
AT&T
64%
Mitsubishi
62.9%
Holiday Inn
62.6%
CBS
62%
John Deere
61.7%
GE
61.6%
Green Lantern
59.7%
Louis Vuitton
59.1%
Suzuki
58.9%
The Rolling Stones
57.5%
WWF
57.3%
Sporcle
55.9%
Lacoste
54.4%
Volvo
53.1%
Java
52.8%
Hilton
52.3%
Texaco
51.7%
Rolex
51.5%
Sprint
51%
Rockstar Games
50.4%
American Airlines
50%
Guinness
50%
Indiana Pacers
49.8%
Adobe
49.7%
Penguin Classics
49%
USPS
49%
Man. United
47.7%
Chevron
47.5%
% Correct
Bacardi
45%
General Mills
43.9%
MSN
43%
United Airlines
41.2%
Comcast
39.9%
Unilever
39.1%
Stanford
38.3%
Underground
38%
Nirvana
37.4%
Liverpool
36.9%
Waste Management
36.5%
ING
34%
Xerox
32.4%
Qantas
31%
Prudential
30.7%
Barclays
29.1%
Zillow
28.8%
Yamaha
28.8%
HSBC
28.1%
Citroën
27.6%
Logitech
26.6%
Jamba Juice
26.4%
Linux
25.9%
Lufthansa
25.8%
Opel
24%
Corona
19.9%
Toblerone
19.2%
Red Hot Chili Peppers
18.3%
Anheuser-Busch
17.2%
Habitat for Humanity
16%
Yale
15.7%
Estée Lauder
9.4%
Remove Ads.
Support Sporcle.
Get the best of Sporcle when you Go Orange. This ad-free experience offers more features, more stats, and more fun while also helping to support Sporcle. Thank you for becoming a member.

You're not logged in!

Compare scores with friends on all Sporcle quizzes.
OR
Log In

Show Comments

Extras

Top Quizzes Today


Score Distribution

Your Account Isn't Verified!

In order to create a playlist on Sporcle, you need to verify the email address you used during registration. Go to your Sporcle Settings to finish the process.

Report this User

Report this user for behavior that violates our Community Guidelines.

Details: